=LDR 00000nam 2200000 4500 =001 NUTBA000000000003818 =005 20251206095103 =035 ##$$a 0010-081400000000663 =008 251206################g##########0#ind## =020 ##$$a 979-489-237-8 =040 ##$$a NBPDMAT =082 ##$$a 028.5 =084 ##$$a 028.5 WHI b =090 ##$$a 028.5 Whi b =100 ##$$a Whicombe, Bobbie =245 1#$$a Binatang Malam /$c Bobbie Whicombe =250 ##$$a Cet. 6 =260 ##$$a Jakarta :$b Penebar Swadaya,$c 2005 =300 ##$$a 21 hlm. : $b ilus ; $c 26 cm. =650 #4$$a Bacaan kanak-kanak =990 ##$$a 21408822 =990 ##$$a 21408823 =990 ##$$a 21408824 =990 ##$$a 21408825 =990 ##$$a 21408826